| 000 | 00387nam a2200181Ia 4500 | ||
|---|---|---|---|
| 005 | 20250425161202.0 | ||
| 008 | 250425s9999 xx 000 0 und d | ||
| 041 | _aeng | ||
| 082 | _a697 | ||
| 100 | _aALLEN, JOHN | ||
| 245 | 0 | _aHEATING AND VENTILATION | |
| 250 | _aS.E. | ||
| 260 | _aS.L. | ||
| 260 |
_aSin Pais _bMCGH _c1950 |
||
| 300 | _a430 | ||
| 942 | _c01 | ||
| 010 | _a14575 | ||
| 999 |
_c204097 _d204097 |
||